|
|
|
|
| LEADER |
01020nam a2200277 i 4500 |
| 001 |
1129 |
| 003 |
BD-DhAAL |
| 005 |
20141208145031.0 |
| 008 |
141208s1980 cau b 001 0 eng |
| 010 |
|
|
|a 79089387
|
| 040 |
|
|
|a DLC
|c DLC
|d DLC
|d BD-DhAAL
|
| 050 |
0 |
0 |
|a BF721
|b .N49 no. 7
|a RJ503.3
|
| 082 |
0 |
0 |
|a 155.4
|2 19
|
| 245 |
0 |
0 |
|a Clinical-developmental psychology /
|c Robert L. Selman, Regina Yando, guest editors.
|
| 260 |
|
|
|a San Francisco :
|b Jossey-Bass,
|c 1980.
|
| 300 |
|
|
|a ix, 116 p. :
|b graph ;
|c 24 cm.
|
| 490 |
|
|
|a New directions for child development ;
|v no. 7
|
| 504 |
|
|
|a Includes bibliographies and index.
|
| 541 |
|
|
|e 1129
|
| 650 |
|
0 |
|a Clinical child psychology.
|9 6733
|
| 650 |
|
0 |
|a Child development.
|9 6734
|
| 700 |
1 |
|
|a Selman, Robert L.
|9 6735
|
| 700 |
1 |
|
|a Yando, Regina.
|9 6736
|
| 942 |
|
|
|2 ddc
|c BK
|
| 999 |
|
|
|c 33274
|d 33274
|
| 952 |
|
|
|0 0
|1 0
|2 ddc
|4 0
|6 155_400000000000000_SEL
|7 0
|9 44432
|a BRACUL
|b BRACUL
|c GEN
|d 2014-12-08
|g 0.00
|l 0
|o 155.4 SEL
|p 3010001129
|r 2014-12-08
|t 1
|w 2014-12-08
|y BK
|z Not price in Register
|